书目信息 |
| 题名: |
蛋白质技术手册
|
|
| 作者: | 汪家政 , 范明 主编 | |
| 分册: | ||
| 出版信息: | 北京 科学出版社 2000.8 |
|
| 页数: | 313页 | |
| 开本: | 20cm | |
| 丛书名: | ||
| 单 册: | ||
| 中图分类: | Q51-62 | |
| 科图分类: | ||
| 主题词: | 蛋白质 | |
| 电子资源: | ||
| ISBN: | 7-03-008329-6 | |
| 000 | 00592nam0 2200205 45 | |
| 001 | 8035040127 | |
| 005 | 1980010609435988 | |
| 010 | @a7-03-008329-6@dRMB 28.00 | |
| 100 | @a19800106d2000 km y0chiy0120 ea | |
| 101 | 0 | @achi |
| 102 | @aCN@b110000 | |
| 200 | 1 | @a蛋白质技术手册@Adan bai zhi ji shu shou ce@f汪家政,范明主编@Fwang jia zheng,fan ming zhu bian |
| 210 | @a北京@c科学出版社@d2000.8 | |
| 215 | @a313页@d20cm | |
| 606 | 0 | @a蛋白质 |
| 690 | @aQ51-62@v3 | |
| 701 | 0 | @a汪家政@Awang jia zheng@4主编 |
| 701 | 0 | @a范明@Afan ming@4主编 |
| 801 | 0 | @aCN@bPFT@c19800106 |
| 905 | @dQ51-62@eW060 | |
| 蛋白质技术手册/汪家政,范明主编.-北京:科学出版社,2000.8 |
| 313页;20cm |
| ISBN 7-03-008329-6:RMB 28.00 |
| ● |
| 相关链接 |
|
|
|
正题名:蛋白质技术手册
索取号:Q51-62/W060
 
预约/预借
| 序号 | 登录号 | 条形码 | 馆藏地/架位号 | 状态 | 备注 |
| 1 | 358416 | 203584166 | 自科二线504/504自科库 37排2列5层/ [索取号:Q51-62/W060] | 在馆 | |
| 2 | 358417 | 203584175 | 自科二线504/504自科库 37排2列5层/ [索取号:Q51-62/W060] | 在馆 | |
| 3 | 358418 | 203584184 | 自科库401/ [索取号:Q51-62/W060] | 在馆 |